| 000 | 01225nam a22003015i 4500 | ||
|---|---|---|---|
| 001 | 165686 | ||
| 003 | ES-MaACL | ||
| 005 | 20250815062650.0 | ||
| 008 | 960306q18901900sp |||| | spa d | ||
| 040 |
_aEUS _bspa _cEUS |
||
| 100 | 1 |
_aSpencer, Herbert, _d1820-1903 _9107684 |
|
| 245 | 1 | 0 |
_aPrincipios de psicología / _cpor Herbert Spencer ; traducción por J. González Alonso ; Tomo I [-IV]. |
| 260 |
_aMadrid : _bLa España Moderna, _c[s.a.] ( _fImp. de Juan Pérez Torres) |
||
| 300 |
_a4 v. ; _c23 cm. |
||
| 490 | 1 | _aBiblioteca de Jurisprudencia, Filosofía e Historia | |
| 596 | 1 | _aLa producción de La España Moderna se centra entre 1890-1900 aproximadamente. | |
| 597 | 1 | _aSignaturizado. | |
| 597 | 1 | _aAntep. | |
| 597 | 1 | _aVol. I: [4], 331, [1] p.; Vol. II: [4], 432, [12] p.; Vol. III: [4], 353, [10] p.; Vol. IV: [4], 404, [8] p.;. | |
| 700 | 0 | 0 |
_aGonzález Alonso, José, _etrad. _958412 |
| 700 | 2 | 0 |
_aPérez Torres, Juan, _eimp. _9131477 |
| 710 | 2 |
_aLa España Moderna, _eed. _9134611 |
|
| 752 |
_aEspaña - _d, Madrid |
||
| 830 | 0 | 0 |
_aBiblioteca de jurisprudencia, filosofía e historia _9180691 |
| 852 |
_aES-MaACL _jF-14939-14942 _z-- Rúst. |
||
| 999 |
_c165686 _d165686 |
||